The principles of the law of restitution /

"The fourth edition of The Principles of the Law of Restitution brings this widely cited and influential volume fully up to date. Substantially rewritten to reflect significant changes in the law of restitution and the expansion in the theoretical and critical commentary on the subject, this bo...

Full description

Bibliographic Details
Main Author: Virgo, Graham (Author)
Format: eBook
Language:English
Published: Oxford : Oxford University Press, [2024]
Edition:Fourth edition.
Subjects:
Online Access:Connect to the full text of this electronic book

MARC

Tag First Indicator Second Indicator Subfields
LEADER 00000cam a2200000 i 4500
001 in00005726721
005 20260319204522.2
006 m o d
007 cr |||||||||||
008 240305t20242024enk fob 001 0 eng d
040 |a STBDS  |b eng  |e rda  |e pn  |c STBDS  |d OCLCO  |d EBLCP  |d OH1  |d OCLCO  |d UPM  |d OCLCQ  |d N$T  |d UKKRT  |d OCLCQ 
019 |a 1463284690  |a 1463410698 
020 |a 9780198885412  |q (electronic bk.) 
020 |a 0198885415  |q (electronic bk.) 
020 |a 9780191993954  |q ebook 
020 |a 0191993956 
020 |z 9780198885320  |q hardback 
024 7 |a 10.1093/oso/9780198885320.001.0001  |2 doi 
035 |a (OCoLC)1424936611  |z (OCoLC)1463284690  |z (OCoLC)1463410698 
050 4 |a KD1924  |b .V57 2024 
082 0 4 |a 346.42029  |2 23 
049 |a TXAM 
100 1 |a Virgo, Graham,  |e author. 
245 1 4 |a The principles of the law of restitution /  |c Graham Virgo. 
250 |a Fourth edition. 
264 1 |a Oxford :  |b Oxford University Press,  |c [2024] 
264 4 |c ©2024 
300 |a 1 online resource 
336 |a text  |b txt  |2 rdacontent 
337 |a computer  |b c  |2 rdamedia 
338 |a online resource  |b cr  |2 rdacarrier 
500 |a Previous edition: 2015. 
504 |a Includes bibliographical references and index. 
520 |a "The fourth edition of The Principles of the Law of Restitution brings this widely cited and influential volume fully up to date. Substantially rewritten to reflect significant changes in the law of restitution and the expansion in the theoretical and critical commentary on the subject, this book is grounded in its clarity of exposition and analysis.The new edition significantly expands existing chapters on the treatment of the history of unjust enrichment, enrichment, the treatment of legally effective bases for receipt, and compulsion. It further expands existing parts on restitution for wrongs and proprietary restitutionary claims as well as offering completely new chapters dealing with 'at the claimant's expense', 'absence of intent', and the defence of illegality. Focusing primarily on English law, the volume also engages with the law in other common law jurisdictions, notably Australia, Canada, New Zealand, and Singapore. It provides a clear exposition of complex areas of law as well as critical analysis of that law."--  |c Provided by publisher. 
521 |a Specialized. 
588 |a Description based on online resource and publisher information; title from PDF title page (viewed on March 5, 2024). 
650 0 |a Restitution  |z Great Britain. 
650 0 |a Unjust enrichment  |z Great Britain. 
650 6 |a Restitution (Droit)  |z Grande-Bretagne. 
650 6 |a Enrichissement injustifié  |z Grande-Bretagne. 
650 7 |a Laws of specific jurisdictions & specific areas of law.  |2 thema 
650 7 |a Law.  |2 ukslc 
655 7 |a Electronic books.  |2 local 
776 0 8 |i Print version :  |z 9780198885320 
856 4 0 |u http://proxy.library.tamu.edu/login?url=https://academic.oup.com/book/57387  |z Connect to the full text of this electronic book  |t 0 
936 |a BATCHLOAD 
955 |a Oxford Scholarship Online 
994 |a 92  |b TXA 
999 f f |i c096251f-564d-46de-9bc3-4b2276c23627  |s 04498130-3e48-4733-93a0-40d5f06391eb  |t 0 
952 f f |a Texas A&M University  |b College Station  |c Electronic Resources  |s www_evans  |d Available Online  |t 0  |e KD1924 .V57 2024  |h Library of Congress classification 
998 f f |a KD1924 .V57 2024  |t 0  |l Available Online